| 000 | 00000nas 2200000za 4500 |
| 001 | 9.864733 |
| 003 | CaOODSP |
| 005 | 20221107161626 |
| 007 | cr ||||||||||| |
| 008 | 181115d19721977onczx p oss f000#a0eng| |
| 022 | # |y0705-4270 |
| 040 | |aCaOODSP|beng |
| 041 | |aeng|afre |
| 043 | |an-cn--- |
| 086 | 1 |aCS32-022-PDF |
| 245 | 00|aTobacco and tobacco products |h[electronic resource] / |cManufacturing and Primary Industries Division = Tabac et produits du tabac / Division des industries manufacturières et primaires. |
| 246 | 11|aTabac et produits du tabac |
| 246 | 13|aTobacco and tobacco products : |bstocks of unmanufactured tobacco in Canada |
| 246 | 13|aTobacco and tobacco products : |bproduction and disposition of tobacco products |
| 260 | |aOttawa : |bDominion Bureau of Statistics, Tobacco Unit, |c1972-1978. |
| 310 | |aIrregular |
| 362 | 0 |aVol. 1, no. 1-v. 6, no. 16. |
| 490 | 1 |aService bulletin |
| 500 | |aDigitized edition from print [produced by Statistics Canada]. |
| 500 | |aSubtitle varies. |
| 515 | |aIssue for June 30, 1975 (v. 4, no. 11) incorrectly numbered v. 4, no. 10. |
| 515 | |aIssue for June 1976 (v. 5, no. 7) incorrectly numbered v. 5, no. 6. |
| 515 | |aIssue for Aug. 1976 (v. 5, no. 10) incorrectly numbered v. 5, no. 9. |
| 546 | |aText in English and French. |
| 692 | 07|2gccst|aTobacco industry |
| 710 | 1 |aCanada. |bStatistics Canada. |bManufacturing and Primary Industries Division. |
| 780 | 00|tProduction and disposition of tobacco products |w(CaOODSP)9.864729 |
| 785 | 00|tProduction and disposition of tobacco products |w(CaOODSP)9.500045 |
| 792 | |tTobacco and tobacco products |efre|w(CaOODSP)9.864743 |